Statistics for State Borders- Ohio

Click here to take the quiz!

General Stats

  • This quiz has been taken 40 times
  • The average score is 5 of 5

Answer Stats

State% Correct
Indiana
97%
Pennsylvania
97%
Michigan
93%
Kentucky
90%
West Virginia
83%

Score Distribution

Percentile by Number Answered

Percent of People with Each Score

Your Score History

You have not taken this quiz